[Event "Titled Tuesday intern op 17th April"]
[Site "Chess.com INT"]
[Date "2018.04.17"]
[Round "2"]
[White "Crispin Ferreras, Darvi Abraham"]
[Black "Savins Puertas, Martin"]
[Result "1/2-1/2"]
[WhiteElo "2190"]
[BlackElo "2012"]
[PlyCount "123"]
[EventDate "2018.04.17"]
[EventType "swiss (blitz)"]
[EventRounds "10"]
[EventCountry "USA"]
[SourceTitle "EXT 2021"]
[Source "ChessBase"]
[SourceDate "2020.10.23"]
[SourceVersion "1"]
[SourceVersionDate "2020.10.23"]
[SourceQuality "1"]

1. e4 e5 2. Nf3 Nc6 3. Bb5 a6 4. Ba4 Nf6 5. d3 b5 6. Bb3 Bc5 7. 0-0 d6 8. c3 0-0 9. Nbd2 Ba7 10. h3 Be6 11. a4 Bxb3 12. Qxb3 Qd7 13. axb5 axb5 14. Kh2 Rab8 15. Ng1 h6 16. Ndf3 Kh8 17. Ne2 Qe6 18. Qxe6 fxe6 19. Ng3 Bb6 20. Be3 Bxe3 21. fxe3 b4 22. Nh4 Kh7 23. d4 bxc3 24. bxc3 Rb3 25. Rfc1 Rfb8 26. Nf3 Rb2 27. Ra6 R8b6 28. Rxb6 Rxb6 29. Ra1 Rb3 30. Rc1 Nd7 31. Rc2 Nb6 32. Nd2 Ra3 33. Kg1 Na4 34. Ne2 Nb6 35. Kf2 Kg6 36. c4 Nb4 37. Rc3 Ra2 38. Nf3 Nc6 39. c5 Na4 40. Rc1 d5 41. exd5 exd5 42. dxe5 Nd8 43. Kf1 Ne6 44. Rd1 Rxe2 45. Kxe2 Nc3+ 46. Ke1 Nxd1 47. Kxd1 Nxc5 48. g4 Ne4 49. Ke2 Kf7 50. Nd4 c5 51. Nf5 g6 52. Nxh6+ Kg7 53. g5 Nxg5 54. Ng4 Nxh3 55. Nf6 Kf7 56. Nxd5 Ke6 57. Nf4+ Nxf4+ 58. exf4 g5 59. fxg5 Kxe5 60. Kd3 Kf5 61. Kc4 Kxg5 62. Kxc5 1/2-1/2